[Event "Small Nations"]
[Site "?"]
[Date "2015.04.25"]
[Round "9.1"]
[White "Berend, Fred"]
[Black "Holland, Christopher"]
[Result "1/2-1/2"]
[BlackElo "2213"]
[WhiteElo "2349"]
[LiveChessVersion "1.4.5"]

1. d4 {[%clk 1:30:57]} Nf6 {[%clk 1:30:55]} 2. c4 {[%clk 1:31:21]} g6
{[%clk 1:31:18]} 3. Nc3 {[%clk 1:31:49]} Bg7 {[%clk 1:31:42]} 4. Nf3
{[%clk 1:32:17]} O-O {[%clk 1:32:00]} 5. Bg5 {[%clk 1:32:45]} h6 {[%clk 1:30:44]}
6. Bh4 {[%clk 1:32:08]} d6 {[%clk 1:25:58]} 7. e3 {[%clk 1:32:08]} Nbd7
{[%clk 0:51:21]} 8. Be2 {[%clk 1:32:07]} Re8 {[%clk 0:48:31]} 9. O-O
{[%clk 1:30:59]} e5 {[%clk 0:45:48]} 10. Qc2 {[%clk 1:28:31]} exd4
{[%clk 0:41:12]} 11. Nxd4 {[%clk 1:27:17]} Nc5 {[%clk 0:37:48]} 12. Rad1
{[%clk 1:21:22]} a5 {[%clk 0:35:38]} 13. h3 {[%clk 1:17:07]} Bd7 {[%clk 0:33:28]}
14. Bf3 {[%clk 1:09:14]} Qc8 {[%clk 0:26:19]} 15. Bg3 {[%clk 1:06:47]} Ne6
{[%clk 0:20:14]} 16. Qb3 {[%clk 0:54:05]} Rb8 {[%clk 0:17:48]} 17. Ncb5
{[%clk 0:49:31]} Ng5 {[%clk 0:17:44]} 18. Na7 {[%clk 0:45:26]} Qd8
{[%clk 0:18:06]} 19. Be2 {[%clk 0:33:28]} Nge4 {[%clk 0:17:22]} 20. Bh2
{[%clk 0:33:51]} c6 {[%clk 0:13:52]} 21. Qa3 Ra8 {[%clk 0:14:00]} 22. f3
{[%clk 0:25:07]} Nc5 {[%clk 0:14:22]} 23. Bxd6 {[%clk 0:25:00]} Na6
{[%clk 0:14:49]} 24. Nab5 {[%clk 0:22:55]} cxb5 {[%clk 0:15:04]} 25. cxb5
{[%clk 0:23:06]} Nb4 {[%clk 0:12:39]} 26. e4 {[%clk 0:23:24]} Qb6
{[%clk 0:12:56]} 27. e5 {[%clk 0:22:52]} Nh5 {[%clk 0:13:13]} 28. f4
{[%clk 0:22:41]} Nc2 {[%clk 0:12:28]} 29. Bc5 {[%clk 0:22:24]} Nxd4
{[%clk 0:12:10]} 30. Rxd4 {[%clk 0:11:08]} Qc7 {[%clk 0:12:21]} 31. Bd6
{[%clk 0:10:51]} Qc2 {[%clk 0:12:10]} 32. Rf2 {[%clk 0:08:30]} Qb1+
{[%clk 0:03:52]} 33. Rd1 {[%clk 0:07:29]} Qe4 {[%clk 0:04:21]} 34. Bf3
{[%clk 0:07:06]} Qc4 {[%clk 0:04:50]} 35. Bxb7 {[%clk 0:06:34]} Ra7
{[%clk 0:03:26]} 36. Bd5 {[%clk 0:06:25]} Qxb5 {[%clk 0:03:48]} 37. Qe3
{[%clk 0:02:21]} Ra6 {[%clk 0:03:42]} 38. g4 {[%clk 0:02:28]} Rxd6
{[%clk 0:03:34]} 39. Bxf7+ {[%clk 0:02:47]} Kxf7 {[%clk 0:03:57]} 40. Rxd6
{[%clk 0:03:14]} Bf8 {[%clk 0:04:14]} 41. Rxd7+ {[%clk 0:25:45]} Qxd7
{[%clk 0:34:38]} 42. gxh5 {[%clk 0:26:05]} Qd1+ {[%clk 0:26:24]} 43. Kg2
{[%clk 0:26:15]} Qxh5 {[%clk 0:26:47]} 44. Qa7+ {[%clk 0:25:54]} Kg8
{[%clk 0:24:52]} 45. Qxa5 {[%clk 0:25:57]} Qf5 {[%clk 0:25:10]} 46. Qb5
{[%clk 0:23:32]} Rd8 {[%clk 0:20:33]} 47. Qc4+ {[%clk 0:21:16]} Kh8
{[%clk 0:19:55]} 48. Qc2 {[%clk 0:17:10]} Qe6 {[%clk 0:15:42]} 49. Qe4 Qf5 50.
Qc2 Rd3 {[%clk 0:15:42]} 51. Rf3 1/2-1/2

[Event "Small Nations"]
[Site "?"]
[Date "2015.04.25"]
[Round "9.2"]
[White "Hamperl, Fred"]
[Black "Wiedenkeller, Michael"]
[Result "0-1"]
[BlackElo "2470"]
[WhiteElo "2071"]
[LiveChessVersion "1.4.5"]

1. e4 {[%clk 1:30:59]} e5 {[%clk 1:30:41]} 2. Nf3 {[%clk 1:31:19]} Nc6
{[%clk 1:31:01]} 3. d4 {[%clk 1:31:41]} exd4 {[%clk 1:31:18]} 4. Nxd4
{[%clk 1:32:05]} Nf6 {[%clk 1:31:19]} 5. Nxc6 {[%clk 1:32:21]} bxc6
{[%clk 1:31:33]} 6. Bd3 {[%clk 1:32:19]} d6 {[%clk 1:30:54]} 7. O-O
{[%clk 1:31:55]} Be7 {[%clk 1:31:05]} 8. Nc3 {[%clk 1:25:34]} O-O
{[%clk 1:30:50]} 9. Bg5 {[%clk 1:20:40]} h6 {[%clk 1:24:11]} 10. Bh4
{[%clk 1:17:28]} Rb8 {[%clk 1:23:03]} 11. b3 {[%clk 1:14:47]} Ng4
{[%clk 1:19:23]} 12. Bxe7 {[%clk 1:14:16]} Qxe7 {[%clk 1:19:50]} 13. Be2
{[%clk 1:10:47]} Nxh2 {[%clk 1:10:35]} 14. Qd4 {[%clk 1:06:22]} Nxf1
{[%clk 1:08:49]} 0-1

[Event "Small Nations"]
[Site "?"]
[Date "2015.04.25"]
[Round "9.3"]
[White "Linster, Philippe"]
[Black "Kirby, Peter J"]
[Result "1-0"]
[BlackElo "1990"]
[WhiteElo "2239"]
[LiveChessVersion "1.4.5"]

1. c4 {[%clk 1:30:57]} Nf6 {[%clk 1:30:55]} 2. g3 {[%clk 1:31:23]} g6
{[%clk 1:31:20]} 3. Bg2 {[%clk 1:31:47]} Bg7 {[%clk 1:31:45]} 4. Nc3
{[%clk 1:32:10]} O-O {[%clk 1:32:09]} 5. e4 {[%clk 1:32:34]} c5 {[%clk 1:32:29]}
6. Nge2 {[%clk 1:32:43]} Nc6 {[%clk 1:32:46]} 7. O-O {[%clk 1:32:49]} Ne8
{[%clk 1:33:03]} 8. d3 {[%clk 1:33:00]} Nc7 {[%clk 1:33:21]} 9. Be3
{[%clk 1:33:22]} Ne6 {[%clk 1:33:39]} 10. a3 {[%clk 1:31:51]} Ned4
{[%clk 1:33:00]} 11. Rb1 {[%clk 1:31:59]} a5 {[%clk 1:31:02]} 12. f4
{[%clk 1:24:14]} d6 {[%clk 1:30:19]} 13. h3 {[%clk 1:23:12]} Bd7 {[%clk 1:26:40]}
14. Bf2 {[%clk 1:21:36]} Rb8 {[%clk 1:25:39]} 15. Nb5 {[%clk 1:07:08]} Nxb5
{[%clk 1:18:30]} 16. cxb5 {[%clk 1:07:22]} Nd4 {[%clk 1:18:52]} 17. Nxd4
{[%clk 1:06:52]} Bxd4 {[%clk 1:19:08]} 18. Bxd4 {[%clk 1:07:10]} cxd4
{[%clk 1:19:37]} 19. a4 {[%clk 1:07:20]} e5 {[%clk 1:14:56]} 20. Qd2
{[%clk 1:04:48]} f6 {[%clk 1:12:37]} 21. h4 {[%clk 0:58:18]} Rc8 {[%clk 1:11:24]}
22. f5 {[%clk 0:52:25]} Kg7 {[%clk 1:11:10]} 23. Rf2 {[%clk 0:50:45]} Rc5
{[%clk 1:06:24]} 24. Rbf1 {[%clk 0:50:15]} gxf5 {[%clk 1:05:10]} 25. exf5
{[%clk 0:50:05]} Qc7 {[%clk 1:02:27]} 26. g4 {[%clk 0:49:20]} h6 {[%clk 0:59:13]}
27. g5 {[%clk 0:40:37]} hxg5 {[%clk 0:58:50]} 28. hxg5 {[%clk 0:41:02]} Rh8
{[%clk 0:57:47]} 29. Be4 {[%clk 0:38:59]} d5 {[%clk 0:55:39]} 30. gxf6+
{[%clk 0:35:58]} Kf8 {[%clk 0:53:43]} 31. Rg2 {[%clk 0:29:45]} Bxb5
{[%clk 0:53:24]} 32. Qg5 {[%clk 0:24:15]} 1-0

[Event "Small Nations"]
[Site "?"]
[Date "2015.04.25"]
[Round "9.4"]
[White "Brookfield, Toby"]
[Black "Mossong, Hubert"]
[Result "1/2-1/2"]
[BlackElo "2103"]
[WhiteElo "1877"]
[LiveChessVersion "1.4.5"]

1. e4 {[%clk 1:30:57]} c5 {[%clk 1:30:35]} 2. Nf3 {[%clk 1:31:12]} Nc6
{[%clk 1:29:18]} 3. d4 {[%clk 1:31:24]} cxd4 {[%clk 1:29:44]} 4. Nxd4
{[%clk 1:31:49]} e5 {[%clk 1:28:49]} 5. Nb5 {[%clk 1:31:48]} d6 {[%clk 1:29:16]}
6. N1c3 {[%clk 1:31:56]} a6 {[%clk 1:29:35]} 7. Na3 {[%clk 1:32:19]} Be6
{[%clk 1:29:25]} 8. Nc4 {[%clk 1:32:21]} Rc8 {[%clk 1:19:35]} 9. Be3
{[%clk 1:31:29]} Nd4 {[%clk 1:16:39]} 10. Bxd4 {[%clk 1:31:33]} Bxc4
{[%clk 1:17:06]} 11. Bxc4 {[%clk 1:31:52]} Rxc4 {[%clk 1:17:31]} 12. Be3
{[%clk 1:32:15]} h6 {[%clk 1:17:55]} 13. Qd3 {[%clk 1:25:24]} Rc6
{[%clk 1:18:10]} 14. O-O {[%clk 1:22:02]} Nf6 {[%clk 1:17:47]} 15. f3
{[%clk 1:16:32]} Be7 {[%clk 1:18:03]} 16. a4 {[%clk 1:16:31]} O-O
{[%clk 1:16:52]} 17. a5 {[%clk 1:11:25]} Qc8 {[%clk 1:15:26]} 18. Rfd1
{[%clk 1:08:04]} Qb8 {[%clk 1:00:21]} 19. Qe2 {[%clk 1:00:12]} Rfc8
{[%clk 1:00:10]} 20. Rd2 {[%clk 0:56:59]} Bd8 {[%clk 0:53:52]} 21. Kh1
{[%clk 0:49:08]} Qc7 {[%clk 0:44:16]} 22. Bb6 {[%clk 0:45:15]} Qe7
{[%clk 0:40:53]} 23. Na4 {[%clk 0:43:31]} Nd7 {[%clk 0:38:56]} 24. Bxd8
{[%clk 0:39:50]} Qxd8 {[%clk 0:38:13]} 25. Nc3 {[%clk 0:38:33]} Nf6
{[%clk 0:38:03]} 26. g3 {[%clk 0:33:43]} Rc5 {[%clk 0:35:28]} 27. Qd1
{[%clk 0:27:54]} R8c6 {[%clk 0:21:24]} 28. Kg2 {[%clk 0:17:30]} Kh7
{[%clk 0:20:49]} 29. Ra3 {[%clk 0:16:39]} Rxa5 {[%clk 0:09:16]} 30. Rxa5
{[%clk 0:16:25]} Qxa5 {[%clk 0:09:42]} 31. Rxd6 {[%clk 0:16:42]} Qb4
{[%clk 0:09:21]} 32. Rxc6 {[%clk 0:16:07]} bxc6 {[%clk 0:09:46]} 33. Qa1
{[%clk 0:15:31]} a5 {[%clk 0:09:25]} 34. Qa3 {[%clk 0:14:01]} 1/2-1/2

[Event "Small Nations"]
[Site "?"]
[Date "2015.04.25"]
[Round "9.6"]
[White "Constantinou, Pavlos"]
[Black "Butnorius, Algimantas"]
[Result "1/2-1/2"]
[BlackElo "2379"]
[WhiteElo "2057"]
[LiveChessVersion "1.4.5"]

1. d4 {[%clk 1:30:57]} Nf6 {[%clk 1:30:52]} 2. c4 {[%clk 1:31:12]} e6
{[%clk 1:31:15]} 3. Nc3 {[%clk 1:31:22]} Bb4 {[%clk 1:31:40]} 4. e3
{[%clk 1:31:37]} O-O {[%clk 1:31:38]} 5. Nge2 {[%clk 1:32:02]} d5
{[%clk 1:31:25]} 6. a3 {[%clk 1:32:18]} Be7 {[%clk 1:30:57]} 7. cxd5
{[%clk 1:32:41]} exd5 {[%clk 1:31:22]} 8. Nf4 {[%clk 1:33:04]} c6
{[%clk 1:31:25]} 9. Bd3 {[%clk 1:33:25]} Re8 {[%clk 1:31:21]} 10. O-O
{[%clk 1:33:47]} Nbd7 {[%clk 1:31:42]} 11. f3 {[%clk 1:34:01]} Nf8
{[%clk 1:31:47]} 12. Bc2 {[%clk 1:34:25]} Ne6 {[%clk 1:30:38]} 13. e4
{[%clk 1:34:50]} dxe4 {[%clk 1:30:59]} 14. Nxe6 {[%clk 1:35:10]} Bxe6
{[%clk 1:31:21]} 15. fxe4 {[%clk 1:35:35]} Bg4 {[%clk 1:31:12]} 16. Qd3
{[%clk 1:33:49]} Bh5 {[%clk 1:30:40]} 17. e5 {[%clk 1:20:39]} Bg6
{[%clk 1:30:23]} 18. Qd2 {[%clk 1:21:02]} Nd5 {[%clk 1:26:42]} 19. Bxg6
{[%clk 1:21:14]} hxg6 {[%clk 1:27:00]} 20. Qf2 {[%clk 1:10:53]} Rf8
{[%clk 1:27:05]} 21. Ne4 {[%clk 1:05:04]} Rc8 {[%clk 1:21:51]} 22. Bd2
{[%clk 1:00:17]} Rc7 {[%clk 1:19:46]} 23. Qg3 {[%clk 0:52:59]} Nb6
{[%clk 0:55:46]} 24. Bc3 {[%clk 0:49:41]} Nd5 {[%clk 0:51:23]} 25. Bd2
{[%clk 0:46:59]} Nb6 {[%clk 0:50:02]} 26. Bc3 {[%clk 0:46:57]} Nd5
{[%clk 0:34:31]} 27. Bd2 1/2-1/2

[Event "Small Nations"]
[Site "?"]
[Date "2015.04.25"]
[Round "9.7"]
[White "Van Hoolandt, Patrick"]
[Black "Aristotelous, Vassilis"]
[Result "1/2-1/2"]
[BlackElo "1969"]
[WhiteElo "2107"]
[LiveChessVersion "1.4.5"]

1. d4 {[%clk 1:30:57]} d6 {[%clk 1:30:46]} 2. c4 {[%clk 1:31:15]} e5
{[%clk 1:31:02]} 3. Nc3 {[%clk 1:31:40]} exd4 {[%clk 1:31:24]} 4. Qxd4
{[%clk 1:32:08]} Nc6 {[%clk 1:31:44]} 5. Qd2 {[%clk 1:32:34]} Nf6
{[%clk 1:31:52]} 6. b3 {[%clk 1:32:52]} Be6 {[%clk 1:32:11]} 7. e4
{[%clk 1:33:17]} a5 {[%clk 1:32:26]} 8. Bb2 {[%clk 1:33:39]} a4 {[%clk 1:25:45]}
9. Rd1 {[%clk 1:34:03]} axb3 {[%clk 1:22:47]} 10. axb3 {[%clk 1:34:30]} Be7
{[%clk 1:22:29]} 11. Bd3 {[%clk 1:34:57]} O-O {[%clk 1:21:09]} 12. Nge2
{[%clk 1:35:23]} Nd7 {[%clk 1:12:05]} 13. Nd5 {[%clk 1:22:42]} Bxd5
{[%clk 0:57:25]} 14. exd5 {[%clk 1:19:45]} Nce5 {[%clk 0:57:41]} 15. Bb1
{[%clk 1:19:23]} Re8 {[%clk 0:51:30]} 16. O-O {[%clk 1:19:37]} Nf8
{[%clk 0:47:31]} 17. Ng3 {[%clk 1:06:40]} g6 {[%clk 0:33:46]} 18. f4
{[%clk 0:59:12]} Ned7 {[%clk 0:33:54]} 19. f5 {[%clk 0:57:10]} Bg5
{[%clk 0:27:40]} 20. fxg6 {[%clk 0:57:17]} hxg6 {[%clk 0:28:07]} 21. Qc2
{[%clk 0:54:45]} Bf6 {[%clk 0:19:17]} 22. Bxf6 {[%clk 0:37:51]} Nxf6
{[%clk 0:19:27]} 23. Qf2 {[%clk 0:37:55]} N8d7 {[%clk 0:17:45]} 24. Rd4
{[%clk 0:37:35]} Qe7 {[%clk 0:08:44]} 25. Rf4 {[%clk 0:36:33]} Qe3
{[%clk 0:08:59]} 26. Qxe3 {[%clk 0:30:32]} Rxe3 {[%clk 0:09:04]} 27. b4
{[%clk 0:20:45]} Ra1 {[%clk 0:05:31]} 28. Bxg6 {[%clk 0:10:24]} Rxf1+
{[%clk 0:04:22]} 29. Nxf1 {[%clk 0:10:52]} Rb3 {[%clk 0:04:27]} 30. c5
{[%clk 0:06:34]} fxg6 {[%clk 0:04:50]} 31. c6 {[%clk 0:06:54]} bxc6
{[%clk 0:05:13]} 32. dxc6 {[%clk 0:07:20]} Ne5 {[%clk 0:05:30]} 33. Rxf6
{[%clk 0:07:40]} Rxb4 {[%clk 0:05:47]} 34. h3 {[%clk 0:06:40]} Kg7
{[%clk 0:05:04]} 35. Rf2 {[%clk 0:06:54]} Rc4 {[%clk 0:05:14]} 36. Ra2
{[%clk 0:04:33]} Rxc6 {[%clk 0:05:35]} 37. Ne3 {[%clk 0:04:27]} Rc5
{[%clk 0:04:04]} 38. g4 {[%clk 0:03:51]} Kf6 {[%clk 0:03:44]} 39. Kf2
{[%clk 0:02:55]} c6 {[%clk 0:01:52]} 40. h4 {[%clk 0:00:52]} Nd3+
{[%clk 0:01:49]} 41. Kf3 {[%clk 0:29:54]} Rc3 {[%clk 0:27:14]} 42. Ra8
{[%clk 0:20:10]} Ne5+ {[%clk 0:19:12]} 43. Kf4 {[%clk 0:19:48]} Rb3
{[%clk 0:18:28]} 44. Rf8+ {[%clk 0:14:31]} Kg7 {[%clk 0:17:30]} 45. Rd8
{[%clk 0:09:38]} Rb4+ {[%clk 0:17:37]} 46. Kg3 {[%clk 0:10:02]} d5
{[%clk 0:15:55]} 47. h5 {[%clk 0:09:27]} Re4 {[%clk 0:15:28]} 48. Nxd5
{[%clk 0:07:16]} Rxg4+ {[%clk 0:14:47]} 49. Kh3 {[%clk 0:07:27]} gxh5
{[%clk 0:14:50]} 50. Ne3 {[%clk 0:04:55]} Rg5 {[%clk 0:13:03]} 51. Rd6
{[%clk 0:02:51]} Kf7 {[%clk 0:09:57]} 52. Kh4 {[%clk 0:01:49]} Nf3+
{[%clk 0:09:56]} 53. Kh3 {[%clk 0:02:18]} h4 {[%clk 0:09:46]} 54. Ng4
{[%clk 0:02:10]} Rg6 {[%clk 0:07:01]} 55. Rd3 {[%clk 0:01:19]} Ne1
{[%clk 0:02:14]} 56. Rc3 {[%clk 0:00:40]} Ke7 {[%clk 0:01:58]} 57. Kxh4
{[%clk 0:00:37]} Kd6 {[%clk 0:01:41]} 58. Rxc6+ {[%clk 0:01:03]} 1/2-1/2

[Event "Small Nations"]
[Site "?"]
[Date "2015.04.25"]
[Round "9.8"]
[White "Hadjikyriakou, Arsenios"]
[Black "Ribbegren, Karl Johan"]
[Result "0-1"]
[BlackElo "2244"]
[WhiteElo "1859"]
[LiveChessVersion "1.4.5"]

1. d4 {[%clk 1:30:57]} g6 {[%clk 1:30:47]} 2. e4 {[%clk 1:31:21]} Bg7
{[%clk 1:31:05]} 3. c4 {[%clk 1:31:43]} c5 {[%clk 1:30:21]} 4. d5
{[%clk 1:30:24]} e5 {[%clk 1:28:22]} 5. Bd3 {[%clk 1:24:17]} d6 {[%clk 1:28:04]}
6. Nc3 {[%clk 1:22:05]} Nf6 {[%clk 1:23:30]} 7. Nge2 {[%clk 1:17:55]} Qe7
{[%clk 1:20:10]} 8. O-O {[%clk 1:16:24]} O-O {[%clk 1:20:00]} 9. Ng3
{[%clk 1:14:59]} Na6 {[%clk 1:18:23]} 10. Bg5 {[%clk 1:13:12]} h6
{[%clk 1:17:59]} 11. Bd2 {[%clk 1:13:35]} Nc7 {[%clk 1:17:11]} 12. h4
{[%clk 1:11:07]} Ng4 {[%clk 1:15:01]} 13. h5 {[%clk 1:07:50]} Qh4
{[%clk 1:12:45]} 14. Re1 {[%clk 1:08:13]} f5 {[%clk 1:11:47]} 15. hxg6
{[%clk 0:54:49]} f4 {[%clk 1:08:27]} 16. Nf5 {[%clk 0:55:08]} Qxf2+
{[%clk 1:08:31]} 17. Kh1 {[%clk 0:55:16]} Bxf5 {[%clk 1:08:45]} 18. exf5
{[%clk 0:54:36]} Qh4+ {[%clk 1:09:02]} 19. Kg1 {[%clk 0:55:00]} Qh2+
{[%clk 1:09:18]} 0-1

[Event "Small Nations"]
[Site "?"]
[Date "2015.04.25"]
[Round "9.9"]
[White "Nielsen, Hogni Egilstoft"]
[Black "Kobler, Mario"]
[Result "1-0"]
[BlackElo "2108"]
[WhiteElo "2382"]
[LiveChessVersion "1.4.5"]

1. e4 {[%clk 1:29:21]} Nf6 {[%clk 1:30:51]} 2. e5 {[%clk 1:29:44]} Nd5
{[%clk 1:31:15]} 3. d4 {[%clk 1:29:54]} d6 {[%clk 1:31:37]} 4. Nf3
{[%clk 1:29:52]} dxe5 {[%clk 1:31:57]} 5. Nxe5 {[%clk 1:30:16]} Nd7
{[%clk 1:32:16]} 6. Nf3 {[%clk 1:27:55]} g6 {[%clk 1:31:12]} 7. Be2
{[%clk 1:24:49]} Bg7 {[%clk 1:31:30]} 8. O-O {[%clk 1:24:52]} O-O
{[%clk 1:31:16]} 9. Re1 {[%clk 1:24:42]} h6 {[%clk 1:27:20]} 10. c4
{[%clk 1:10:23]} N5f6 {[%clk 1:27:36]} 11. Nc3 {[%clk 1:10:31]} b6
{[%clk 1:23:41]} 12. h3 {[%clk 1:06:09]} Bb7 {[%clk 1:22:20]} 13. Bf4
{[%clk 1:06:13]} c6 {[%clk 1:15:17]} 14. Qd2 {[%clk 0:55:14]} Kh7
{[%clk 1:15:32]} 15. Rad1 {[%clk 0:55:30]} a6 {[%clk 1:09:46]} 16. a4
{[%clk 0:55:04]} a5 {[%clk 1:02:08]} 17. Bd3 {[%clk 0:50:07]} Nb8
{[%clk 0:57:36]} 18. Qe3 {[%clk 0:48:38]} e6 {[%clk 0:55:46]} 19. Bb1
{[%clk 0:44:17]} Na6 {[%clk 0:53:55]} 20. g4 {[%clk 0:37:05]} Ng8
{[%clk 0:44:26]} 21. h4 {[%clk 0:33:20]} Kh8 {[%clk 0:43:23]} 22. h5
{[%clk 0:31:28]} g5 {[%clk 0:41:18]} 23. Nxg5 {[%clk 0:27:55]} Nf6
{[%clk 0:35:11]} 24. f3 {[%clk 0:24:21]} hxg5 {[%clk 0:31:46]} 25. Bxg5
{[%clk 0:24:35]} Rg8 {[%clk 0:19:37]} 26. Ne4 {[%clk 0:24:24]} Nc7
{[%clk 0:05:19]} 27. Bxf6 {[%clk 0:24:32]} 1-0

[Event "Small Nations"]
[Site "?"]
[Date "2015.04.25"]
[Round "9.10"]
[White "Frick, Renato"]
[Black "Rodgaard, John"]
[Result "0-1"]
[BlackElo "2340"]
[WhiteElo "2056"]
[LiveChessVersion "1.4.5"]

1. e4 {[%clk 1:30:56]} e6 {[%clk 1:30:42]} 2. d4 {[%clk 1:31:14]} d5
{[%clk 1:31:07]} 3. Nc3 {[%clk 1:31:38]} Bb4 {[%clk 1:31:23]} 4. e5
{[%clk 1:32:01]} c5 {[%clk 1:31:27]} 5. Qg4 {[%clk 1:31:50]} Ne7 {[%clk 1:31:27]}
6. a3 {[%clk 1:31:50]} Bxc3+ {[%clk 1:31:27]} 7. bxc3 {[%clk 1:31:50]} Kf8
{[%clk 1:31:27]} 8. Nf3 {[%clk 1:31:50]} Qa5 {[%clk 1:31:27]} 9. Bd2
{[%clk 1:31:50]} Qa4 {[%clk 1:31:27]} 10. Ra2 {[%clk 1:31:50]} b6
{[%clk 1:31:27]} 11. Bd3 {[%clk 1:31:50]} Ba6 {[%clk 1:31:27]} 12. O-O
{[%clk 1:31:50]} Bxd3 {[%clk 1:31:27]} 13. cxd3 {[%clk 1:31:50]} Nbc6
{[%clk 1:31:27]} 14. Qf4 {[%clk 1:31:50]} cxd4 {[%clk 1:31:27]} 15. Nxd4
{[%clk 1:31:50]} Nxd4 {[%clk 1:31:27]} 16. cxd4 {[%clk 1:31:50]} Rc8
{[%clk 1:31:27]} 17. Bb4 {[%clk 1:31:50]} Ke8 {[%clk 1:31:27]} 18. Raa1
{[%clk 1:31:50]} a5 {[%clk 1:31:27]} 19. Bxe7 {[%clk 1:31:50]} Kxe7
{[%clk 1:31:27]} 20. Qg5+ {[%clk 1:31:50]} Kf8 {[%clk 1:31:27]} 21. Rac1
{[%clk 1:31:50]} Qd7 {[%clk 1:31:27]} 22. Rxc8+ {[%clk 1:31:50]} Qxc8
{[%clk 1:31:27]} 23. Rc1 {[%clk 1:31:50]} Qd7 {[%clk 1:31:27]} 24. Rc3
{[%clk 1:31:50]} h6 {[%clk 1:31:27]} 25. Qc1 {[%clk 1:31:50]} Kg8
{[%clk 1:31:27]} 26. Rc6 {[%clk 1:31:50]} Kh7 {[%clk 1:31:27]} 27. g3
{[%clk 1:31:50]} Rb8 {[%clk 1:31:27]} 28. Rc7 {[%clk 1:31:50]} Qe8
{[%clk 1:31:27]} 29. Kg2 {[%clk 1:31:50]} Kg8 {[%clk 1:31:27]} 30. h4
{[%clk 1:31:50]} Qd8 {[%clk 1:31:27]} 31. a4 {[%clk 1:31:50]} Qf8
{[%clk 1:31:27]} 32. h5 {[%clk 1:31:50]} Qe8 {[%clk 1:31:27]} 33. Rc6
{[%clk 1:31:50]} Qd7 {[%clk 1:31:27]} 34. Qc2 {[%clk 1:31:50]} Qe8
{[%clk 1:31:27]} 35. Qc3 {[%clk 1:31:50]} Qe7 {[%clk 1:31:27]} 36. Rd6
{[%clk 1:31:50]} Qb7 {[%clk 1:31:27]} 37. Rc6 {[%clk 1:31:50]} Qd7
{[%clk 1:31:27]} 38. Rc7 {[%clk 1:31:50]} Qe8 {[%clk 1:31:27]} 39. Rc6
{[%clk 1:31:50]} Qe7 {[%clk 1:31:27]} 40. Rd6 {[%clk 1:31:50]} Qe8
{[%clk 1:31:27]} 41. Rc6 {[%clk 1:31:50]} Kh7 {[%clk 1:31:27]} 42. Rc7
{[%clk 1:31:50]} Kg8 {[%clk 1:31:27]} 43. g4 {[%clk 1:31:50]} b5 {[%clk 1:31:27]}
44. axb5 {[%clk 1:31:50]} Qxb5 {[%clk 1:31:27]} 45. Ra7 {[%clk 1:31:50]} a4
{[%clk 1:31:27]} 46. Qc7 {[%clk 1:31:50]} Rf8 {[%clk 1:31:27]} 47. Qa5
{[%clk 1:31:50]} Qxd3 {[%clk 1:31:27]} 48. Qxa4 {[%clk 1:31:50]} Qe4+
{[%clk 1:31:27]} 49. Kg3 {[%clk 1:31:50]} Qd3+ {[%clk 1:31:27]} 50. Kg2
{[%clk 1:31:50]} g6 {[%clk 1:31:27]} 51. Ra8 {[%clk 1:31:50]} gxh5
{[%clk 1:31:27]} 52. Rxf8+ {[%clk 1:31:50]} Kxf8 {[%clk 1:31:27]} 53. Qb4+
{[%clk 1:31:50]} Kg7 {[%clk 1:31:27]} 54. gxh5 {[%clk 1:31:50]} Qe2
{[%clk 1:31:27]} 55. Qc3 {[%clk 1:31:50]} Qxh5 {[%clk 1:31:27]} 56. Kg1
{[%clk 1:31:50]} Qg4+ {[%clk 1:31:27]} 57. Kh2 {[%clk 1:31:50]} Qf4+
{[%clk 1:31:27]} 58. Kg2 {[%clk 1:31:50]} Kg6 {[%clk 1:31:27]} 59. Kg1
{[%clk 1:31:50]} h5 {[%clk 1:31:27]} 60. Qc5 {[%clk 1:31:50]} Qg4+
{[%clk 1:31:27]} 61. Kf1 {[%clk 1:31:50]} Kg7 {[%clk 1:31:27]} 62. Qc3
{[%clk 1:31:50]} h4 {[%clk 1:31:27]} 63. Qe3 {[%clk 1:31:50]} h3 {[%clk 1:31:27]}
64. f3 {[%clk 1:31:50]} Qg2+ {[%clk 1:31:27]} 65. Ke1 {[%clk 1:31:50]} h2
{[%clk 1:31:27]} 0-1

[Event "Small Nations"]
[Site "?"]
[Date "2015.04.25"]
[Round "9.11"]
[White "Poulsen, Martin"]
[Black "Guller, Andras"]
[Result "1-0"]
[BlackElo "2003"]
[WhiteElo "2252"]
[LiveChessVersion "1.4.5"]

1. b3 {[%clk 1:28:43]} Nf6 {[%clk 1:27:55]} 2. Bb2 {[%clk 1:27:12]} e6
{[%clk 1:28:12]} 3. Nf3 {[%clk 1:24:12]} d5 {[%clk 1:28:19]} 4. e3
{[%clk 1:23:41]} Be7 {[%clk 1:27:23]} 5. c4 {[%clk 1:19:29]} c6 {[%clk 1:25:56]}
6. Nc3 {[%clk 1:13:42]} Nbd7 {[%clk 1:23:13]} 7. d4 {[%clk 1:02:41]} b6
{[%clk 1:21:44]} 8. Bd3 {[%clk 0:55:48]} Bb7 {[%clk 1:19:34]} 9. O-O
{[%clk 0:50:52]} O-O {[%clk 1:17:20]} 10. Qe2 {[%clk 0:44:41]} c5
{[%clk 1:11:42]} 11. Rad1 {[%clk 0:38:30]} cxd4 {[%clk 1:02:12]} 12. exd4
{[%clk 0:36:05]} dxc4 {[%clk 0:58:03]} 13. bxc4 {[%clk 0:34:35]} Re8
{[%clk 0:57:59]} 14. Ne5 {[%clk 0:28:45]} Nf8 {[%clk 0:54:05]} 15. Bc2
{[%clk 0:28:04]} Ng6 {[%clk 0:50:17]} 16. Ba4 {[%clk 0:17:01]} Nf4
{[%clk 0:39:49]} 17. Qd2 {[%clk 0:13:25]} Nxg2 {[%clk 0:39:56]} 18. Bc6
{[%clk 0:12:12]} Bxc6 {[%clk 0:40:00]} 19. Nxc6 {[%clk 0:11:04]} Nh4
{[%clk 0:40:19]} 20. Qf4 {[%clk 0:06:36]} Ng6 {[%clk 0:40:04]} 21. Qf3
{[%clk 0:06:23]} Qd7 {[%clk 0:29:32]} 22. d5 {[%clk 0:03:52]} Bf8
{[%clk 0:27:26]} 23. dxe6 {[%clk 0:01:54]} Qxe6 {[%clk 0:27:45]} 24. Nd5
{[%clk 0:01:50]} Nxd5 {[%clk 0:25:56]} 25. cxd5 {[%clk 0:02:15]} Qd6
{[%clk 0:24:08]} 26. Rfe1 {[%clk 0:01:51]} Qf4 {[%clk 0:19:48]} 27. Qxf4
{[%clk 0:01:46]} Nxf4 {[%clk 0:20:07]} 28. Be5 {[%clk 0:01:53]} Nxd5
{[%clk 0:09:52]} 29. Rxd5 {[%clk 0:01:56]} f6 {[%clk 0:10:13]} 30. Bc3
{[%clk 0:01:05]} Rec8 {[%clk 0:09:54]} 31. Ne7+ {[%clk 0:00:42]} Bxe7
{[%clk 0:09:19]} 32. Rxe7 {[%clk 0:01:08]} Rxc3 {[%clk 0:09:40]} 33. Rdd7
{[%clk 0:01:32]} Rh3 {[%clk 0:06:05]} 34. Rxg7+ {[%clk 0:00:57]} Kh8
{[%clk 0:06:29]} 35. Rxa7 {[%clk 0:00:43]} Rxa7 {[%clk 0:06:25]} 36. Rxa7
{[%clk 0:01:05]} Rh5 {[%clk 0:05:53]} 37. Kg2 {[%clk 0:00:38]} Ra5
{[%clk 0:03:45]} 38. Rxa5 {[%clk 0:00:34]} bxa5 {[%clk 0:04:08]} 39. Kf3
{[%clk 0:00:43]} Kg7 {[%clk 0:04:31]} 40. Ke4 {[%clk 0:00:34]} Kg6
{[%clk 0:04:54]} 41. f4 {[%clk 0:22:30]} a4 {[%clk 0:26:55]} 42. a3
{[%clk 0:21:18]} Kg7 {[%clk 0:09:05]} 43. Kd5 {[%clk 0:15:18]} Kh6
{[%clk 0:00:40]} 44. Ke6 {[%clk 0:09:50]} Kg6 {[%clk 0:00:49]} 45. f5+
{[%clk 0:09:22]} Kg5 {[%clk 0:00:55]} 46. h4+ {[%clk 0:09:36]} Kxh4
{[%clk 0:01:17]} 47. Kxf6 {[%clk 0:10:00]} h5 {[%clk 0:01:12]} 48. Ke5 1-0